000 00516nam a22001937a 4500
003 OSt
005 20140310182344.0
008 130927t xxu||||| |||| 00| 0 eng d
020 _a086814634X
050 _aPN 3448
_b.V274 1982
082 _aPN 3448
_b.V274 1982
245 _aShoes for Sophie muscovy /
_cMarie Van Rensburg
260 _aPretoria :
_bDaan Retief Publishers,
_cc1982.
300 _a41 p.
_billus.,
_c25cm.
541 _j1
562 _e1
650 _aFiction
_9746
942 _2lcc
_cBK-GS
999 _c12197
_d12197